| 000 | 00615nam a2200229Ia 4500 | ||
|---|---|---|---|
| 003 | OSt | ||
| 005 | 20220928124720.0 | ||
| 006 | a|||||r|||| 00| 0 | ||
| 007 | ta | ||
| 008 | 220927b |||||||| |||| 00| 0 eng d | ||
| 024 | _a26548 | ||
| 037 | _cTextual | ||
| 040 |
_aSDCL _cSDCL _beng |
||
| 041 |
_2eng _aeng |
||
| 082 | _aG:63, L2 | ||
| 100 |
_aMiller Jeffrey H _9429569 |
||
| 245 | 0 | _aExperiments in molecular genetics. | |
| 260 |
_aNew York _b Cold Spring Harbor Laboratory _c1972 |
||
| 300 |
_axvi,466p _ccm. |
||
| 942 |
_hG:63, L2 _cTEXL _2CC |
||
| 999 |
_c779586 _d779586 |
||